Statistics for Guess 40 West Ham footballers by image

Click here to take the quiz!

General Stats

  • This quiz has been taken 82 times
  • The average score is 27 of 40

Answer Stats

Answer% Correct
Frank Lampard
97%
Joe Hart
97%
Declan Rice
94%
Carlos Tévez
90%
Jesse Lingard
87%
Kurt Zouma
86%
Rio Ferdinand
85%
Dimitri Payet
82%
Samir Nasri
82%
Andy Carroll
80%
Sebastien Haller
80%
Javier Mascherano
79%
Bobby Moore
77%
Javier Hernandez/Chicharito
77%
Lucas Paqueta
77%
Łukasz Fabiański
77%
Michail Antonio
77%
Pablo Zabaleta
77%
Jack Wilshere
73%
Alphonse Areola
72%
Mark Noble
70%
Tomas Soucek
70%
Marko Arnautovic
66%
Angelo Ogbonna
65%
Felipe Anderson
65%
Manuel Lanzini
65%
Joe Cole
63%
Thilo Kehrer
63%
Robbie Keane
62%
Emerson Palmieri
61%
Adrian
58%
Paolo Di Canio
55%
Jermain Defoe
51%
Andriy Yarmolenko
48%
João Mario
48%
Teddy Sheringham
39%
Craig Bellamy
31%
Davor Šuker
27%
Geoff Hurst
24%
Michael Carrick
24%

Score Distribution

Percentile by Number Answered

Percent of People with Each Score

Your Score History

You have not taken this quiz